LEADER 00976nam a22002651i 4500 001 991003581789707536 005 20040729160706.0 008 040802s1927 fr a||||||||||||||||fre 035 $ab13095559-39ule_inst 035 $aARCHE-104816$9ExL 040 $aBiblioteca Interfacoltà$bita$cA.t.i. Arché s.c.r.l. Pandora Sicilia s.r.l. 082 04$a759.5 100 1 $aBasch, Victor$0197098 245 10$aTitien /$cVictor Basch 250 $aNouvelle éd. augmentée 260 $aParis :$bAlbin Michel,$cstampa 1927 300 $a301 p., [24] c. di tav. :$bill. ;$c24 cm 440 4$aLes maitres de l'art d'hier et d'aujourd'hui 650 4$aTiziano Vecellio 907 $a.b13095559$b02-04-14$c05-08-04 912 $a991003581789707536 945 $aLE002 Fondo Giudici N 763$g1$i2002000346629$lle002$nC. 1$o-$pE0.00$q-$rn$so $t0$u0$v0$w0$x0$y.i1372910x$z05-08-04 996 $aTitien$9289481 997 $aUNISALENTO 998 $ale002$b05-08-04$cm$da $e-$ffre$gfr $h0$i1 LEADER 01290nas 2200409 c 450 001 9910892209103321 005 20260218113232.0 035 $a(DE-599)ZDB2829938-3 035 $a(OCoLC)1368668704 035 $a(DE-101)1074699378 035 $a(CKB)5590000000500910 035 $a(DE-599)2829938-3 035 $a(EXLCZ)995590000000500910 100 $a20150730a20139999 |y | 101 0 $aeng 135 $aur||||||||||| 181 $ctxt$2rdacontent 182 $cc$2rdamedia 183 $acr$2rdacarrier 200 10$aPrilozi / Makedonska Akademija na Naukite i Umetnostite, Oddelenie za Tehnic?ki Nauki$e= Contributions / Macedonian Academy of Sciences and Arts, Section of Technical Sciences 210 31$aSkopje$cMakedonska Akademija na Naukite i Umetnostite$d2013- 215 $aOnline-Ressource 300 $aGesehen am 14.12.2023 311 08$a1857-6656 517 1 $aContributions / Macedonian Academy of Sciences and Arts, Section of Technical Sciences 517 1 $aPrilozi, Odd. teh. nauk, MANU 608 $aZeitschrift$2gnd-content 676 $a510 676 $a000 676 $a600 801 0$b0355 801 1$bDE-101 801 2$b9999 906 $aJOURNAL 912 $a9910892209103321 996 $aPrilozi$91320763 997 $aUNINA